00370 a2200121 4500001001000000005001700010008004100027245005600068100002300124700002800147773005600175999001700231ART_4124820260410161754.0260409a 10aModificaciones a la ley de impuesto a las ganancias1 aDreiling, Paola E.1 aRolando, Félix José0 tDoctrina tributariag- Nº 444 (mar. 2017)wREV4296 c19955d19955